[Event "AUTO-BEG-12"]
[Site "http://www.queenalice.com/game.php?id=58706"]
[Date "2006.3.22"]
[Round "1"]
[White "Vitor"]
[Black "romanopff"]
[Result "0-1"]
[WhiteElo "1070"]
[BlackElo "1074"]

1. e4 e5 2. Bc4 Nf6 3. Qf3 d6 4. Ne2 Bg4 5. Bxf7+ Kxf7 6. Qb3+ Be6 7. Qxb7 Be7
8. Qxa8 d5 9. b4 Nc6 10. Qxc6 dxe4 11. Bb2 Qd6 12. Qxe4 Nxe4 13. O-O Qxb4 14.
Bxe5 Nxd2 15. Rd1 Rd8 16. a3 Qb5 17. Nxd2 Qxe5 18. Nf3 Qxe2 19. Rxd8 Bxd8 20.
Ne5+ Qxe5 21. Rd1 Bf5 22. Rxd8 Qe1# 0-1

[Event "AUTO-BEG-12"]
[Site "http://www.queenalice.com/game.php?id=58721"]
[Date "2006.3.22"]
[Round "1"]
[White "Vitor"]
[Black "GummiBear"]
[Result "1-0"]
[WhiteElo "1054"]
[BlackElo "1307"]

1. Nc3 e5 2. e4 Nf6 3. Bc4 Bc5 4. d3 Nc6 5. Qg4 Nxg4 6. Nf3 d6 7. h4 Bxf2+ 8.
Kd1 Nd4 9. Rf1 Qf6 10. Bg5 Qg6 11. Kd2 f6 12. h5 1-0

[Event "AUTO-BEG-12"]
[Site "http://www.queenalice.com/game.php?id=58722"]
[Date "2006.3.22"]
[Round "1"]
[White "GummiBear"]
[Black "Vitor"]
[Result "0-1"]
[WhiteElo "1307"]
[BlackElo "1004"]

1. e4 e5 2. d4 exd4 3. c3 Bc5 4. cxd4 Bb4+ 5. Bd2 Nc6 6. d5 Bxd2+ 7. Qxd2 Ne5 8.
Nc3 Qh4 9. g3 Qg4 10. Be2 Nc4 0-1

[Event "AUTO-BEG-12"]
[Site "http://www.queenalice.com/game.php?id=58723"]
[Date "2006.3.22"]
[Round "1"]
[White "Vitor"]
[Black "Catti"]
[Result "0-1"]
[WhiteElo "1127"]
[BlackElo "960"]

1. e4 e5 2. Nf3 Bc5 3. Bc4 a6 4. O-O d6 5. b3 Nf6 6. Nc3 O-O 7. d3 c6 8. Bg5 b5
9. Na4 bxa4 10. bxa4 d5 11. exd5 cxd5 12. Bxd5 Qxd5 13. Rb1 Nc6 14. Qc1 h6 15.
c4 Qxd3 16. Rb6 Bxb6 17. Qa3 Qxa3 18. Bd2 Rd8 19. Rd1 Qb3 20. axb3 Ne4 21. Re1
Bxf2+ 22. Kh1 Nxd2 23. Rxe5 Nxe5 24. Nxd2 Rxd2 25. h3 Rd1+ 26. Kh2 Bg1+ 27. Kg3
Rd3+ 28. Kf4 Bd4 29. Ke4 Bb7+ 30. Kf4 Re8 31. c5 Ng6+ 32. Kf5 Re6 33. c6 Bxc6
34. b4 Be4+ 35. Kg4 Nh4 36. Kxh4 Bf6+ 37. Kg4 Bf3+ 38. Kg3 Re4 39. gxf3 Ree3 40.
h4 Rxf3+ 41. Kg2 Bxh4 42. b5 Rf2+ 43. Kg1 Rd1# 0-1

[Event "AUTO-BEG-12"]
[Site "http://www.queenalice.com/game.php?id=58724"]
[Date "2006.3.22"]
[Round "1"]
[White "Catti"]
[Black "Vitor"]
[Result "0-1"]
[WhiteElo "1100"]
[BlackElo "1080"]

1. e4 e5 2. Nc3 d6 3. d3 Be7 4. h4 Nf6 5. Nf3 O-O 6. g3 Bg4 7. Be3 a5 8. Be2 Qd7
9. Qd2 Nc6 10. Nd5 Nxd5 11. exd5 Nb4 12. a4 b5 13. axb5 Qxb5 14. c3 e4 15. Nh2
Nxd3+ 16. Bxd3 exd3 17. Nxg4 Qxd5 18. Rg1 Rab8 19. Rb1 a4 20. Ba7 Rb3 21. Qe2
dxe2 22. Kxe2 a3 23. Rgd1 Qe4+ 24. Kf1 a2 25. Ne3 Qxb1 26. Kg2 Qe4+ 27. Kh2 Rxb2
28. Ng2 Rb1 29. Rd2 a1=Q 30. Bb8 Rh1# 0-1

[Event "Let's Play Chess!"]
[Site "http://www.queenalice.com/game.php?id=94796"]
[Date "2006.8.11"]
[Round "-"]
[White "Vitor"]
[Black "RickD"]
[Result "1-0"]
[WhiteElo "1097"]
[BlackElo "1160"]

1. e4 Nh6 2. d3 e6 3. Bf4 Bd6 4. Qd2 Bxf4 5. Qxf4 f5 6. Nc3 Na6 7. O-O-O Ng4 8.
Be2 c6 9. h3 Qh4 10. Kb1 Qxf2 11. Nf3 Ne3 12. Rhf1 Qxg2 13. Qxe3 Qxh3 14. exf5
Nb4 15. Rh1 Qg2 16. Nh4 Qg4 17. Bxg4 g6 18. fxg6 Rg8 19. Bh5 hxg6 20. Nxg6 b6
21. Qg5 Rg7 22. Rhf1 Ba6 23. Nf8+ Rf7 24. Bxf7+ 1-0

[Event "Let's Play Chess!"]
[Site "http://www.queenalice.com/game.php?id=98859"]
[Date "2006.8.24"]
[Round "-"]
[White "Felipecontender"]
[Black "Vitor"]
[Result "1-0"]
[WhiteElo "1186"]
[BlackElo "1156"]

1. e4 e6 2. d4 Bb4+ 3. Bd2 Nc6 4. Bxb4 Nxb4 5. a3 Nd5 6. exd5 exd5 7. Nf3 c6 8.
c4 dxc4 9. Bxc4 Qa5+ 10. Nc3 Nf6 11. O-O O-O 12. Re1 d6 13. b4 Qh5 14. d5 Bg4
15. Re3 Rfe8 16. Rxe8+ Rxe8 17. dxc6 bxc6 18. h3 d5 19. hxg4 Nxg4 20. Bf1 Nxf2
21. Kxf2 Qh1 22. Bd3 Qh5 23. Qh1 g6 24. Qxh5 gxh5 25. Rh1 f5 26. Bxf5 a5 27.
Rxh5 d4 28. Nxd4 Rd8 29. Bxh7+ Kf7 30. Nxc6 Rd2+ 31. Ne2 a4 32. b5 Ra2 33. b6
Rxa3 34. b7 Rb3 35. b8=Q a3 36. Qxb3+ 1-0

[Event "Challenge"]
[Site "http://www.queenalice.com/game.php?id=98926"]
[Date "2006.8.24"]
[Round "-"]
[White "Vitor"]
[Black "dulen"]
[Result "1-0"]
[WhiteElo "1126"]
[BlackElo "1224"]

1. e4 e5 2. Qg4 Nh6 3. Qh5 g6 4. Qxe5+ Be7 5. Qxh8+ Bf8 6. b3 Nc6 7. Ba3 d6 8.
Nc3 Bg4 9. f3 Bh5 10. O-O-O Qh4 11. g3 Qg5 12. Re1 Kd7 13. e5 Nxe5 14. Bb5+ c6
15. Ba4 Nxf3 16. Nxf3 Bxf3 17. Rhf1 Bg2 18. Rf2 Bh3 19. Rfe2 Qf5 20. Re7+ Bxe7
21. Qxa8 Bg5 22. Re8 Qf1+ 23. Nd1 Bxd2+ 24. Kxd2 Qg2+ 25. Kc1 Kc7 26. Qd8# 1-0

[Event "Challenge"]
[Site "http://www.queenalice.com/game.php?id=100995"]
[Date "2006.8.30"]
[Round "-"]
[White "Vitor"]
[Black "PowerGuido"]
[Result "0-1"]
[WhiteElo "1156"]
[BlackElo "1945"]

1. e4 e5 2. Bc4 Nf6 3. Nc3 Nc6 4. Nf3 Bc5 5. O-O O-O 6. Ng5 d6 7. Nf3 Nd4 8.
Nxd4 exd4 9. Nd5 Nxd5 10. Bxd5 a5 11. a3 c6 12. Ba2 d3 13. cxd3 Be6 14. Kh1 Qh4
15. f4 Bg4 16. Qe1 Qf6 17. Qg3 h5 18. Re1 a4 19. Bb1 Ra5 20. Bc2 Bd4 21. Rb1 Be6
22. b4 h4 23. Qf3 Raa8 24. b5 c5 25. g3 hxg3 26. Re2 Ba2 27. hxg3 Bxb1 28. Bxb1
Qe6 29. Rh2 Qb3 30. Qh5 f5 31. Kg2 Qxb1 0-1

[Event "AUTO-BEG-27"]
[Site "http://www.queenalice.com/game.php?id=106017"]
[Date "2006.9.15"]
[Round "1"]
[White "Vitor"]
[Black "jcbraga"]
[Result "0-1"]
[WhiteElo "1179"]
[BlackElo "1686"]

1. e4 e5 2. Nf3 Nc6 3. Bb5 d6 4. d4 exd4 5. Qxd4 Bd7 6. Bxc6 Bxc6 7. Nc3 Nf6 8.
Bg5 Be7 9. O-O O-O 10. Rad1 h6 11. Bf4 Nh5 12. Be3 Bd7 13. Nd5 Bg4 14. e5 Bxf3
15. gxf3 Bg5 16. e6 fxe6 17. Qg4 exd5 18. Qe6+ Kh8 19. Qg6 Bxe3 20. fxe3 Qg5+
21. Qxg5 hxg5 22. Rxd5 Rf7 23. Rxg5 Nf6 24. Rd1 Nh7 25. f4 Nxg5 26. fxg5 Rf3 27.
Re1 Re8 28. e4 Rf4 29. h4 Rxh4 30. Kg2 Rhxe4 31. Rh1+ Kg8 32. Kh3 Re2 33. Rf1
Rxc2 34. Kg4 Rxb2 35. Rf5 Rxa2 36. Kh5 a5 37. Kg6 a4 38. Rf7 Rc2 39. Rxg7+ Kf8
40. Rf7+ Kg8 41. Rf3 b5 42. Rf1 a3 43. Rf3 a2 44. Rf1 b4 0-1

[Event "AUTO-BEG-27"]
[Site "http://www.queenalice.com/game.php?id=106018"]
[Date "2006.9.15"]
[Round "1"]
[White "jcbraga"]
[Black "Vitor"]
[Result "0-1"]
[WhiteElo "1692"]
[BlackElo "1179"]

1. e4 e5 2. Nf3 Nc6 3. Bc4 Bc5 4. d3 Nf6 5. Nc3 d6 6. Ng5 Bg4 7. f3 Bd7 8. Nxf7
Qe7 9. Nxh8 O-O-O 10. Nf7 Rf8 11. Ng5 h6 12. Nh3 Nd4 13. Be3 Nh5 14. Nd5 Qh4+
15. Bf2 Nxf3+ 16. gxf3 Bxf2+ 17. Nxf2 c6 18. Qd2 cxd5 19. Bxd5 Rxf3 20. Rf1 Bh3
21. O-O-O Nf4 22. Qc3+ Kb8 23. Qb4 Nxd5 24. exd5 Qxb4 25. Nxh3 Rxh3 26. c3 Qa4
27. Kb1 Rxh2 28. c4 Kc7 29. Rf7+ Kb6 30. Rdf1 Rd2 31. a3 Kc5 32. Rxb7 Rxd3 33.
Rxg7 Kxc4 34. Rg4+ Rd4 35. Rxd4+ exd4 36. Rf5 Qd1+ 37. Ka2 Kd3 0-1

[Event "AUTO-BEG-27"]
[Site "http://www.queenalice.com/game.php?id=106019"]
[Date "2006.9.15"]
[Round "1"]
[White "Vitor"]
[Black "wolframwuttkefussballgott"]
[Result "0-1"]
[WhiteElo "1179"]
[BlackElo "1562"]

1. e4 e5 2. Nf3 Nc6 3. Bb5 Nf6 4. d4 Nxd4 5. Nxd4 exd4 6. Qxd4 c6 7. Bc4 b5 8.
Bb3 Qa5+ 9. Nc3 b4 10. Na4 Ba6 11. Bd2 Qb5 12. O-O-O Qh5 13. Bxb4 Qg5+ 14. Kb1
Bxb4 15. Qxb4 Qxg2 16. Rdg1 Qxf2 17. Nc5 Bc8 18. e5 Nd5 19. Qa5 O-O 20. Rf1 Qd4
21. Rhg1 Qxe5 22. Re1 Qxh2 23. Nd3 Nf6 24. Rh1 Qd6 25. Qe5 Qxe5 26. Nxe5 g5 27.
Reg1 Ne4 28. Rh5 Nd2+ 29. Kc1 Nxb3+ 30. cxb3 f6 31. Ng6 hxg6 32. Rh6 Kg7 33.
Rgh1 f5 34. Rh7+ Kf6 35. Re1 g4 36. Kd2 f4 37. Kd3 f3 38. Ke3 Re8+ 39. Kf2 Rxe1
40. Kxe1 Ba6 41. Kf2 d5 42. Kg3 Kf5 43. Rf7+ Ke4 44. Rf4+ Ke3 45. Rxg4 Rg8 46.
Rf4 Be2 47. Ra4 Rg7 48. Ra6 c5 49. Re6+ Kd2 50. Kf2 Kd3 51. Re3+ Kd2 52. a3 d4
53. Re5 Rc7 54. Rg5 Kc2 55. b4 c4 56. a4 Kxb2 57. a5 c3 58. Re5 c2 59. b5 c1=Q
0-1

[Event "AUTO-BEG-27"]
[Site "http://www.queenalice.com/game.php?id=106020"]
[Date "2006.9.15"]
[Round "1"]
[White "wolframwuttkefussballgott"]
[Black "Vitor"]
[Result "1-0"]
[WhiteElo "1486"]
[BlackElo "1184"]

1. e4 e5 2. Nf3 Nf6 3. Nc3 d6 4. d3 Nc6 5. Bg5 Bg4 6. Be2 Qd7 7. h3 Bxf3 8. Bxf3
h6 9. Be3 O-O-O 10. a4 Qe6 11. g4 Nd4 12. Bg2 g6 13. Nb5 h5 14. Nxa7+ Kb8 15.
Nb5 hxg4 16. c3 Nb3 17. Ra2 gxh3 18. Bxh3 Rxh3 19. Rg1 c6 20. Ba7+ Ka8 21. Nc7+
Kxa7 22. Nxe6 fxe6 23. Qxb3 Bh6 24. Qxe6 Re8 25. Qxh3 Bc1 26. Rxg6 Ng8 27. Rxd6
Ne7 28. Qd7 Rg8 29. Qxe7 Rg1+ 30. Ke2 Kb6 31. Ra1 Bg5 32. Qxe5 Kc7 33. Rxg1 1-0

[Event "AUTO-OPEN-747"]
[Site "http://www.queenalice.com/game.php?id=242074"]
[Date "2007.7.19"]
[Round "1"]
[White "Vitor"]
[Black "MariaClara"]
[Result "0-1"]
[WhiteElo "1209"]
[BlackElo "1294"]

1. e4 e5 2. Nf3 Nf6 3. Nxe5 Nxe4 4. Qe2 d5 5. d3 Nc5 6. Qf3 Qe7 7. Qxd5 c6 8.
Qd4 b6 9. Bf4 Nbd7 10. Be2 Ba6 11. Bg4 Ne6 12. Nxd7 Nxd4+ 13. Ne5 Nxc2+ 14. Ke2
Nxa1 15. Rd1 Nc2 16. Na3 Nd4+ 17. Ke3 c5 18. Nc2 Nxc2+ 19. Kd2 Nb4 20. Re1 Qh4
21. Ng6+ Be7 22. Nxh4 Rd8 23. Bc7 Rxd3+ 24. Kc1 Nxa2+ 25. Kb1 Bc4 26. Bf5 Nc3+
27. Kc2 Nd5 28. Bxd3 Bxd3+ 29. Kxd3 Nxc7 30. Ra1 O-O 31. Rxa7 Rd8+ 32. Ke4 Nd5
33. Nf5 Nf6+ 34. Ke5 Rd5+ 35. Kf4 Nh5+ 36. Kf3 Rxf5+ 37. Kg4 Rf4+ 38. Kxh5 Rh4#
0-1

[Event "AUTO-OPEN-747"]
[Site "http://www.queenalice.com/game.php?id=242075"]
[Date "2007.7.19"]
[Round "1"]
[White "MariaClara"]
[Black "Vitor"]
[Result "0-1"]
[WhiteElo "1308"]
[BlackElo "1190"]

1. e4 c5 2. d4 cxd4 3. Bc4 Qa5+ 4. c3 e5 5. Qh5 g6 6. Qh3 Qc5 7. b3 b5 8. b4
Qxc4 9. Ne2 Bb7 10. Qf3 Bh6 11. O-O dxc3 12. Nbxc3 Nc6 13. a3 O-O-O 14. a4 Nxb4
15. axb5 Bf4 16. Nxf4 exf4 17. Bxf4 Nf6 18. Rxa7 d5 19. Qh3+ Rd7 20. Na4 Qxb5
21. Qc3+ Kd8 22. Nc5 d4 23. Qc1 Nd3 24. Nxb7+ Rxb7 25. Qd2 Rxa7 26. Be5 Qxe5 27.
Qh6 Ke7 28. f4 Qxe4 29. Rb1 Rha8 30. Qh4 Ra1 31. g4 Rxb1+ 32. Qe1 Rxe1# 0-1

[Event "AUTO-OPEN-747"]
[Site "http://www.queenalice.com/game.php?id=242076"]
[Date "2007.7.19"]
[Round "1"]
[White "Vitor"]
[Black "gabrielbrenner"]
[Result "0-1"]
[WhiteElo "1211"]
[BlackElo "1778"]

1. e4 e5 2. Nf3 Nc6 3. Bc4 Nf6 4. Nc3 Bc5 5. O-O O-O 6. d3 h6 7. Qe2 d6 8. Be3
Bb6 9. Nh4 Be6 10. Rfd1 Bg4 11. f3 Bh5 12. Kf1 Bxe3 13. Qxe3 Nd4 14. a4 Nxc2 15.
Qf2 Nxa1 16. Rxa1 Nd7 17. Qe3 Qxh4 18. g3 Qh3+ 19. Ke2 Qxh2+ 20. Kd1 Qh1+ 21.
Qe1 Bxf3+ 22. Kd2 Qxe1+ 23. Kxe1 Kh8 24. Kf2 Bh5 25. Rh1 Bg6 26. Nd5 c6 27. Ne7
Rae8 28. Nd5 cxd5 29. Bxd5 b6 30. g4 f6 31. Rc1 Nc5 32. Ke3 Rc8 33. a5 bxa5 34.
Ra1 Rb8 35. b3 Nxb3 36. Ra4 Rb4 37. Bxb3 Rxb3 38. Kd2 Rfb8 39. Rxa5 Rb2+ 40. Ke3
R8b7 41. Rd5 R7b6 42. Ra5 Rb7 43. Rd5 R2b6 44. Ra5 a6 45. Kf3 Ra7 46. Ra1 a5 0-1

[Event "AUTO-OPEN-747"]
[Site "http://www.queenalice.com/game.php?id=242077"]
[Date "2007.7.19"]
[Round "1"]
[White "gabrielbrenner"]
[Black "Vitor"]
[Result "1-0"]
[WhiteElo "1719"]
[BlackElo "1192"]

1. d4 Nf6 2. Nc3 d5 3. Nf3 g6 4. b3 Bf5 5. e3 Nc6 6. Bd3 Qd6 7. Bxf5 gxf5 8. Qd3
Rg8 9. O-O e6 10. Bb2 O-O-O 11. Nb5 Qb4 12. a3 Qa5 13. Bc3 Qa6 14. Bd2 Ng4 15.
h3 Rg6 16. a4 Rh6 17. hxg4 Bd6 18. c4 Ne5 19. Nxd6+ Rxd6 20. Nxe5 f6 21. Nf7 Rd7
22. Nxh6 b5 23. axb5 Qd6 24. gxf5 Rg7 25. fxe6 Rg5 26. Nf7 Qxe6 27. Nxg5 fxg5
28. Qxh7 Kb7 29. Ra6 Qe8 30. cxd5 Qxb5 31. Rfa1 Qxd5 32. Rxa7+ Kb6 33. Qxc7+ Kb5
34. R1a5# 1-0